| 000 -LEADER |
| fixed length control field |
00748cam a2200217 i 4500 |
| 003 - CONTROL NUMBER IDENTIFIER |
| control field |
OSt |
| 005 - DATE AND TIME OF LATEST TRANSACTION |
| control field |
20200312080109.0 |
| 008 - FIXED-LENGTH DATA ELEMENTS--GENERAL INFORMATION |
| fixed length control field |
140429s2014 enka b 001 0 eng |
| 020 ## - INTERNATIONAL STANDARD BOOK NUMBER |
| International Standard Book Number |
9781859465073 (paperback) |
| 040 ## - CATALOGING SOURCE |
| Original cataloging agency |
DLC |
| Language of cataloging |
eng |
| Description conventions |
rda |
| Transcribing agency |
DLC |
| 100 1# - MAIN ENTRY--PERSONAL NAME |
| Personal name |
Edwards, Brian, |
| Dates associated with a name |
1944- |
| 245 10 - TITLE STATEMENT |
| Title |
Rough guide to sustainability : |
| Remainder of title |
a design primer / |
| Statement of responsibility, etc |
Brian Edwards. |
| 250 ## - EDITION STATEMENT |
| Edition statement |
4th edition. |
| 300 ## - PHYSICAL DESCRIPTION |
| Extent |
xx, 340 pages : |
| Other physical details |
illustrations, some color ; |
| Dimensions |
20 cm |
| 504 ## - BIBLIOGRAPHY, ETC. NOTE |
| Bibliography, etc |
Includes biblioghraphical references (pages 330-331) and index. |
| 650 #0 - SUBJECT ADDED ENTRY--TOPICAL TERM |
| Topical term or geographic name as entry element |
Sustainable architecture. |
| 650 #0 - SUBJECT ADDED ENTRY--TOPICAL TERM |
| Topical term or geographic name as entry element |
Architecture |
| General subdivision |
Environmental aspects. |
| 650 #0 - SUBJECT ADDED ENTRY--TOPICAL TERM |
| Topical term or geographic name as entry element |
Architecture and society. |
| 650 #0 - SUBJECT ADDED ENTRY--TOPICAL TERM |
| Topical term or geographic name as entry element |
Sustainable buildings |
| General subdivision |
Design and construction. |
| 942 ## - ADDED ENTRY ELEMENTS (KOHA) |
| Source of classification or shelving scheme |
|